| 000 | 00585nam a22001935i 4500 | ||
|---|---|---|---|
| 001 | 171788 | ||
| 003 | ES-MaACL | ||
| 005 | 20230906214730.0 | ||
| 008 | 090601s1955 sp |||| | spa d | ||
| 080 | _a929(467.1) | ||
| 100 | 1 |
_aSoldevila, Carles. _9107110 |
|
| 245 | 1 | 0 |
_aFigures de Catalunya / _cCarles Soldevila ; pròleg de Ferrán Soldevila. |
| 250 | _a[1ª ed.]. | ||
| 260 |
_aBarcelona : _bAedos, _c1955. |
||
| 300 |
_a68 p. : _bil. ; _c29 cm. |
||
| 650 | 1 | 4 |
_aCatalanes- _xBiografías. _910836 |
| 700 | 1 |
_aSoldevila, Ferran. _9107111 |
|
| 852 |
_aES-MaACL _jP-368 _9R.38110 |
||
| 999 |
_c171788 _d171788 |
||